000 01130cam a2200265 i 4500
003 SA-RiAUC
005 20250918061735.0
008 250916s1985 mr g 00000 ara c
040 _aSA-RiAUC
_bara
_cSA-RiAUC
_erda
082 0 4 _a414.5
090 _a414.5
_bا ب ن ب
100 1 _aابن البناء، أحمد بن محمد بن عثمان،
_d654-721 هجري
_eمؤلف.
245 1 2 _aالروض المريع في صناعة البديع /
_cتأليف أبي البناء المراكشي العددي ؛ تحقيق رضوان بنشقرون.
264 1 _aالدار البيضاء :
_bدار النشر المغربية،
_c1985
300 _a216 صفحة ؛
_c25 سم
336 _aنص
_btxt
_2rdacontent
_3كتاب
337 _aبدون وسيط
_bn
_2rdamedia
338 _aمجلد
_bnc
_2rdacarrier
500 _aأصلا أطروحة ماجستير.
650 7 _aالبلاغة العربية
_2aucsh
650 7 _aالأدب العربي
_xتاريخ ونقد
_2aucsh
700 1 _aبن شقرون، رضوان،
_d1944-
_eمحقق.
942 _2ddc
_cBOOK
_n0
949 _aSA-JeALM
_d250916
_umohamedma123
_n1
999 _c11880
_d11880